[Event "JUG-sf"]
[Site "Kladovo"]
[Date "1990.??.??"]
[Round "1"]
[White "Lazic, Miroljub"]
[Black "Gostisa, Leon"]
[Result "1-0"]
[WhiteElo "2495"]
[BlackElo "2370"]

1.Nf3 d5 2.g3 c6 3.Bg2 Bg4 4.O-O e6 5.d3 Bd6 6.Nbd2 Nd7 7.Qe1 Ne7 8.e4 O-O
9.h3 Bh5 10.Nh4 Ng6 11.Nxg6 Bxg6 12.f4 Re8 13.e5 Bf8 14.Nf3 h6 15.g4 c5 16.Qg3 Qb6
17.Rf2 Rad8 18.Kh1 Qc7 19.h4 h5 20.Bh3 hxg4 21.Bxg4 Qc6 22.h5 Bf5 23.Rg2 d4
24.Bd2 Nb6 25.Rag1 c4 26.Bxf5 exf5 27.Bb4 Qh6 28.Bxf8 Kxf8 29.Qh4  1-0

[Event "JUG-sf"]
[Site "Kladovo"]
[Date "1990.??.??"]
[Round "8"]
[White "Nikolic, Zivoslav"]
[Black "Kosic, Dragan"]
[Result "1/2-1/2"]
[WhiteElo "2455"]
[BlackElo "2415"]

1.Nf3 d5 2.g3 c6 3.Bg2 Bg4 4.c4 e6 5.O-O Nd7 6.d3 Bd6 7.Qb3 Qb6 8.Be3 Qxb3
9.axb3 a6 10.Na3 Ne7 11.Nc2 O-O 12.b4 dxc4 13.dxc4 Ne5 14.b3 Nxf3+ 15.Bxf3 Bf5
16.Rfd1 Bxc2 17.Rxd6 Nf5 18.Rd7 Nxe3 19.fxe3 Bxb3 20.Rxb7 Bxc4 21.Kf2 Bb5
22.Rd1 Rac8 23.Ra7 g6 24.g4 c5 25.bxc5 Rxc5 26.Rd6 Rb8 27.h4 h6 28.Be4 Rc4
29.Kf3 Rc1 30.Bd3 Rd1 31.h5 gxh5 32.Bh7+ Kxh7 33.Rxd1 hxg4+ 34.Kf4 Kg6 35.Rb1 Rb6
36.Ra8 h5 37.Rg8+ Kf6 38.Rg5 Rc6 39.Rxh5 Bxe2 40.Rb7 Rc4+ 41.Kg3 Bf3 42.Ra7 Rc2
43.Rxa6 Rg2+ 44.Kf4 Be2 45.Ra2 e5+ 46.Rxe5 Rf2+  1/2-1/2

[Event "JUG-sf"]
[Site "Kladovo"]
[Date "1990.??.??"]
[Round "11"]
[White "Lazic, Miroljub"]
[Black "Lalic, Dragan"]
[Result "1-0"]
[WhiteElo "2495"]
[BlackElo "2345"]

1.Nf3 d5 2.g3 Nf6 3.Bg2 g6 4.O-O Bg7 5.d3 O-O 6.Nbd2 c5 7.e4 dxe4 8.dxe4 Nc6
9.c3 b6 10.Re1 e5 11.Qa4 Bb7 12.Nc4 Qb8 13.Nfd2 Ne8 14.Ne3 Ne7 15.b4 cxb4
16.cxb4 f5 17.Bb2 fxe4 18.Nxe4 Nf5 19.Nxf5 gxf5 20.Qb3+ Kh8 21.Ng5 Bxg2 22.Kxg2 Qb7+
23.f3 e4 24.fxe4 fxe4 25.Rf1 e3+ 26.Kg1 Rf2 27.Rxf2 exf2+ 28.Kxf2 Nd6 29.Qc2 Nf5
30.Re1 Rf8 31.Kg1 Qd5 32.Bxg7+ Kxg7 33.Ne6+ Kg8 34.Nxf8 Nd4 35.Qxh7+ Kxf8
36.Qe7+ Kg8 37.Qe8+ Kg7 38.Re7+ Kh6 39.Qf8+  1-0

[Event "POL-ch Girls U20"]
[Site "Konin"]
[Date "1990.??.??"]
[Round "7"]
[White "Bednarska, Malgorzata"]
[Black "Lewandowska, Katarzyna"]
[Result "1/2-1/2"]
[WhiteElo "2130"]
[BlackElo "2085"]

1.Nf3 d5 2.g3 e6 3.Bg2 c6 4.O-O f5 5.d3 Nf6 6.Nbd2 Be7 7.Re1 O-O 8.c3 Bc5
9.b4 Bb6 10.h3 Nh5 11.d4 Nd7 12.a4 Ndf6 13.Ne5 Ne4 14.Qc2 Nxd2 15.Bxd2  1/2-1/2

[Event "Kuala Lumpur Interzonal (Women)"]
[Site "Kuala Lumpur"]
[Date "1990.??.??"]
[Round "2"]
[White "Lematschko, Tatjana"]
[Black "Forbes, Cathy"]
[Result "1-0"]
[WhiteElo "2325"]
[BlackElo "2075"]

1.Nf3 d5 2.g3 Nc6 3.d4 g6 4.Bg2 Bg7 5.O-O Bg4 6.c3 Qd7 7.b4 h5 8.h4 O-O-O
9.a4 f6 10.Nbd2 e5 11.Nb3 Nge7 12.b5 Nb8 13.Nc5 Qe8 14.Nh2 Nf5 15.Nxg4 hxg4
16.e4 dxe4 17.Bxe4 Nd6 18.Bg2 f5 19.Bg5 exd4 20.Bxd8 Qxd8 21.Ne6 Qf6 22.Qxd4 Qxe6
23.Qxg7 Rg8 24.Qd4 g5 25.Bd5 Qg6 26.h5 Qxh5 27.Bxg8 Qh3 28.Be6+ Nd7 29.Qg7  1-0

[Event "RSFSR-ch"]
[Site "Kuibishev"]
[Date "1990.??.??"]
[Round "?"]
[White "Sherbakov, Ruslan"]
[Black "Meister, Yakov"]
[Result "1/2-1/2"]
[WhiteElo "2425"]
[BlackElo "2415"]

1.Nf3 d5 2.g3 g6 3.Bg2 Bg7 4.O-O e5 5.d3 Ne7 6.Nbd2 O-O 7.e4 Nbc6 8.c3 a5
9.a4 h6 10.Re1 d4 11.Nb3  1/2-1/2

[Event "Kusadasi op"]
[Site "Kusadasi"]
[Date "1990.??.??"]
[Round "1"]
[White "Miles, Anthony J"]
[Black "Ziatdinov, Raset"]
[Result "0-1"]
[WhiteElo "2580"]
[BlackElo "2440"]

1.Nf3 d5 2.g3 Nf6 3.Bg2 e6 4.O-O Be7 5.c4 O-O 6.b3 Nbd7 7.Bb2 c6 8.d3 a5
9.a3 Nc5 10.Nbd2 Bd7 11.Qc2 b5 12.Ne5 bxc4 13.bxc4 Rb8 14.Bd4 Qc7 15.Rab1 Rfc8
16.Rxb8 Rxb8 17.Rc1 Rc8 18.Bb2 Be8 19.d4 Na6 20.Qd3 Qb7 21.Rb1 Qa7 22.c5 Nd7
23.Nxd7 Bxd7 24.Bc3 a4 25.Qc2 Nc7 26.Rb4 Ra8 27.e3 Nb5 28.Nb1 e5 29.Rxb5 cxb5
30.Bxd5 Rf8 31.Bb4 exd4 32.exd4 Be6 33.Nc3 Rd8 34.Bxe6 fxe6 35.Nxb5 Qa6 36.Qc4 Qc6
37.Qe2 Rb8 38.Nc3 Bf6 39.Qe3 Rd8 40.Ne2 e5 41.d5 Rxd5 42.Nc3 Rd4 43.f3 Qa6
44.Kg2 Qc4 45.Ne4 Rd1 46.Qf2 Rc1 47.Kh3 Rc2 48.Qe1 Qd3 49.Qh1 h5 50.f4 Qd7+  0-1

[Event "Leningrad it"]
[Site "Leningrad"]
[Date "1990.??.??"]
[Round "?"]
[White "Karasev, Vladimir I"]
[Black "Mukhim, G."]
[Result "1/2-1/2"]
[WhiteElo "2375"]
[BlackElo "2425"]

1.g3 d5 2.Nf3 Nf6 3.Bg2 g6 4.O-O Bg7 5.d3 O-O 6.Nbd2 Nc6 7.c3 e5 8.Qc2 a5
9.a4 h6 10.e4 b6 11.Re1 Bb7 12.Nf1 Qd7 13.Ne3 Rad8 14.Nd2 Nb8 15.Nb3 Rfe8
16.h3 Na6 17.exd5 Nxd5 18.Nc4 Bc6 19.Nbd2 Nc5 20.Ne4 Nb7 21.Ned2 Nc5 22.Ne4 Nb7
23.Ned2  1/2-1/2

[Event "Lloyds Bank op"]
[Site "London"]
[Date "1990.??.??"]
[Round "?"]
[White "McNab, Colin Anderson"]
[Black "Meister, Peter"]
[Result "1-0"]
[WhiteElo "2390"]
[BlackElo "2420"]

1.Nf3 d5 2.g3 c6 3.Bg2 Bg4 4.d3 e6 5.h3 Bh5 6.O-O Nf6 7.Qe1 Be7 8.e4 O-O
9.a4 a5 10.b3 Na6 11.Bb2 Nc5 12.Nbd2 Bg6 13.Ne5 Nfd7 14.Nxg6 hxg6 15.Qe2 dxe4
16.d4 Na6 17.Nxe4 Nf6 18.Rad1 Nxe4 19.Bxe4 Nb4 20.c4 Bf6 21.h4 Qe7 22.Bb1 c5
23.Rfe1 cxd4 24.Qe4 d3 25.Ba3 Rfd8 26.Bxd3 Bc3 27.Rf1 Rd4 28.Qf3 Rad8 29.Be4 b6
30.Rxd4 Bxd4 31.Rd1 f5 32.Bxb4 axb4 33.Bd5 exd5 34.Rxd4 dxc4 35.Rxc4 Qe1+
36.Kh2 Rd2 37.Rf4 Kh7 38.h5 Rd1 39.hxg6+ Kxg6 40.Rxb4 Qxb4 41.Qxd1 Kf6 42.Qd5 g5
43.Kg2 g4 44.Kf1 Kg5 45.Ke2 Qe7+ 46.Kd1 Qf6 47.Kc2 Qe7 48.Qd2+ Kg6 49.Qe3 Qb4
50.Qe6+ Kg5 51.Qg8+ Kf6 52.Qc4 Qd6 53.b4 Kg6 54.a5 bxa5 55.bxa5 Qe5 56.a6 Qe1
57.Qc6+ Kh5 58.Qc5 Qe2+ 59.Kc3 Qe1+ 60.Kb3 Qe6+ 61.Qc4 Qb6+ 62.Ka4 Kg6 63.Qe2 Kf6
64.Ka3 Kf7 65.Qc4+ Kg6 66.Ka4 Kf6 67.Qc8 Qxf2 68.Qc6+ Kg5 69.Qd6 Kh5 70.Kb5 Qb2+
71.Kc6 Qc3+ 72.Kd7 Qg7+ 73.Ke6 Qg8+ 74.Kxf5 Qc8+ 75.Ke5 Qe8+ 76.Kd4 Qa4+
77.Ke3 Qa5 78.Qd3 Qb6+ 79.Kf4 Qc7+ 80.Ke4 Qh7+ 81.Kd4 Qa7+ 82.Kd5 Kh6 83.Ke6 Qa8
84.Qd6 Kg6 85.Kd7+ Kg5 86.Qe5+ Kh6 87.Qf6+ Kh5 88.Qh4+ Kg6 89.Qxg4+ Kh6 90.Qe6+ Kg5
91.Qe3+ Kg4 92.a7 Qb7+ 93.Kd6 Kh3 94.Qe6+ Kh2  1-0

[Event "London WFW"]
[Site "London"]
[Date "1990.??.??"]
[Round "?"]
[White "Larsen, Bent"]
[Black "Frias, Victor J"]
[Result "1/2-1/2"]
[WhiteElo "2550"]
[BlackElo "2500"]

1.g3 d5 2.Nf3 c6 3.Bg2 Nf6 4.O-O Bf5 5.b3 e6 6.Bb2 Bc5 7.d3 h6 8.Nbd2 O-O
9.Ne5 Nbd7 10.e4 Bh7 11.Nxd7 Nxd7 12.Qe2 a5 13.a3 Nf6 14.Kh1 dxe4 15.dxe4 Bd4
16.c3 Bc5 17.Rfd1 Qb6 18.f3 Rfd8 19.b4 axb4 20.Nc4 Qb5 21.Rxd8+ Rxd8 22.axb4 Bb6
23.Bf1 Bc7 24.Qf2 Qh5 25.Re1 g5 26.h3 Qg6 27.e5 Nh5 28.Bc1 Qc2 29.Qxc2 Bxc2
30.Kg2 Bd3 31.g4 Nf4+ 32.Bxf4 gxf4 33.Bxd3 Rxd3 34.Re4 b5 35.Nd6 f6 36.c4 fxe5
37.Nb7 Kf7 38.cxb5 cxb5 39.Nc5 Rd2+ 40.Kf1 Bd6 41.h4 Rd5 42.Nb7 Be7 43.h5 Kf6
44.Ke2 Rd7 45.Na5 Rc7 46.Kd3 Rc1 47.Nb3 Rf1 48.Nd2 Ra1 49.Kc3 Ra3+ 50.Nb3 Bd8
51.Kb2 Ra7 52.Nd2 Ra4 53.Nb1 Be7 54.Kb3 Ra1 55.Kb2 Ra4 56.Kb3 Ra1 57.Kb2 Ra4  1/2-1/2

[Event "Luxembourg op"]
[Site "Luxembourg"]
[Date "1990.??.??"]
[Round "5"]
[White "Rajkovic, Dusan"]
[Black "Velicka, Petr"]
[Result "1-0"]
[WhiteElo "2460"]
[BlackElo "2350"]

1.Nf3 d5 2.g3 Nf6 3.Bg2 c6 4.O-O Bf5 5.d3 h6 6.c4 e6 7.Be3 dxc4 8.dxc4 Qxd1
9.Rxd1 Nbd7 10.Nc3 Ng4 11.Bd2 Bc5 12.Be1 O-O-O 13.Na4 Be7 14.Nd4 Bh7 15.Ba5 Rde8
16.h3 Ngf6 17.Rac1 Nc5 18.Nxc5 Bxc5 19.e3 Ne4 20.Nb3 Be7 21.c5 Bf6 22.Nd4 Re7
23.Nxc6 bxc6 24.Rc4 Rd7 25.Rxd7 Kxd7 26.Bxe4 Bxe4 27.Rxe4 Rb8 28.b3 Rb5 29.Bb4 a5
30.Ba3 Bc3 31.Kf1 Bb4 32.Bxb4 axb4 33.Rc4 e5 34.e4 Kc7 35.Ke2 Ra5 36.Rc2 Ra8
37.Ke3 g5 38.f4 gxf4+ 39.gxf4 Rg8 40.fxe5 Rg3+ 41.Kd4 Rxh3 42.Rg2  1-0

[Event "Lyon zt"]
[Site "Lyon"]
[Date "1990.??.??"]
[Round "9"]
[White "Winants, Luc"]
[Black "Kuijf, Marinus"]
[Result "1/2-1/2"]
[WhiteElo "2455"]
[BlackElo "2490"]

1.Nf3 d5 2.g3 c6 3.Bg2 Bg4 4.O-O Nd7 5.d3 e6 6.Nbd2 Bd6 7.b3 Ne7 8.Bb2 O-O
9.h3 Bh5 10.e3 h6 11.Qe2 Qc7 12.g4 Bg6 13.Nh4 e5 14.e4 Bh7 15.Ndf3 Rfe8 16.Kh1 Nf8
17.Nf5 Neg6 18.Nxd6 Qxd6 19.Qe3 d4 20.Qe1 Nf4 21.Bc1 N8g6 22.Ng1 Nh4 23.Bxf4 exf4
24.Nf3 Nxf3 25.Bxf3 f5 26.gxf5 Bxf5 27.exf5 Rxe1 28.Raxe1 Rf8 29.Be4 Qf6
30.Kg2 g6 31.fxg6 f3+ 32.Kh2 Qf4+ 33.Kh1 Qh4 34.Kh2 Kg7 35.b4 Rf4 36.a4 a6
37.b5 axb5 38.axb5 Qg5 39.Rg1 Qxb5 40.Rb1 Qe5 41.Rg3 Qc7 42.Kg1 h5 43.Rg5 Qe7
44.Rxh5 Rxe4 45.Rh7+ Kxg6 46.Rxe7 Rxe7 47.Kh2 Re2 48.Kg3 Rxc2 49.Rxb7 Rc3
50.Rc7 Kf5 51.h4 c5 52.Rc6 Rxd3  1/2-1/2

[Event "Lyon zt"]
[Site "Lyon"]
[Date "1990.??.??"]
[Round "10"]
[White "Stull, Norbert"]
[Black "Miralles, Gilles"]
[Result "1/2-1/2"]
[WhiteElo "2235"]
[BlackElo "2460"]

1.g3 d5 2.Nf3 Nf6 3.Bg2 g6 4.O-O Bg7 5.d3 O-O 6.Nbd2 Nc6 7.e4 e5 8.c3 Re8
9.Qc2 a5 10.b3 b6 11.Bb2 Ba6 12.Rfe1 dxe4 13.dxe4 Bd3 14.Qd1 Qd7 15.Bf1 Rad8
16.Bxd3 Qxd3 17.Qe2 Bh6 18.Nc4 b5 19.Na3 b4 20.cxb4 axb4 21.Nc4 Qxe2 22.Rxe2 Nd4
23.Nxd4 exd4 24.e5 d3 25.Ree1 d2 26.Red1 Ne4 27.f4 Rd3 28.Kf1 Red8 29.Ke2 Nc3+
30.Bxc3 bxc3 31.a4 Bf8 32.Ra2 R3d5 33.a5 Rb5 34.a6 Rxb3 35.a7 Ra8 36.Kd3 Bc5
37.Kc2 Rb7 38.Kxc3 Bb4+ 39.Kd3 Rbxa7 40.Rxa7 Rxa7 41.Nxd2 Ra2 42.Ne4 Rxh2
43.Ra1 Rg2 44.Ra7 Be1 45.g4 Kg7 46.Rxc7 Rxg4 47.e6 Bh4 48.Rxf7+ Kg8 49.Kd4 Rg1
50.Rb7 Rd1+ 51.Ke5 Re1 52.f5 gxf5 53.Kxf5 Rf1+ 54.Kg4 Re1 55.Kf5 Rf1+ 56.Kg4 Re1
57.Kf3  1/2-1/2

[Event "Maribor"]
[Site "Maribor"]
[Date "1990.??.??"]
[Round "8"]
[White "Vombek, Dani"]
[Black "Zupe, Miran"]
[Result "1/2-1/2"]
[WhiteElo "2315"]
[BlackElo "2315"]

1.Nf3 d5 2.g3 Nf6 3.Bg2 Bf5 4.O-O e6 5.c4 c6 6.b3 h6 7.Bb2 Bd6 8.d3 O-O 9.Nbd2 Bh7
10.Re1 Qe7 11.e4 dxe4 12.dxe4 Ba3 13.Qc1 Bxb2 14.Qxb2 Na6 15.e5 Nd7 16.Ne4 Ndc5
17.Nxc5 Nxc5 18.Qa3 Rfe8 19.Bf1 Nd3 20.Qxe7 Rxe7 21.Bxd3 Bxd3 22.Rad1 Bf5
23.Rd6 Kf8 24.Nd2 c5 25.Nb1 Bxb1 26.Rxb1 Rc7 27.Rbd1 Ke7 28.f4 Rb8 29.Kf2 b6
30.Ke3 h5 31.h3 g6 32.Ke2 Rbc8 33.R1d2 Rb8 34.Kf3 Rbc8 35.g4 hxg4+ 36.hxg4 Rh8
37.Kg3 Rb7 38.a4 Rh1 39.R2d3 Rh8 40.Rd1 Rc7 41.R1d2 Rh1 42.R2d3 Rh8 43.Rd2  1/2-1/2

[Event "Miskolc"]
[Site "Miskolc"]
[Date "1990.??.??"]
[Round "2"]
[White "Vadasz, Laszlo"]
[Black "Dutreeuw, Marc"]
[Result "1-0"]
[WhiteElo "2395"]
[BlackElo "2405"]

1.Nf3 d5 2.g3 Nf6 3.Bg2 e6 4.O-O Be7 5.d4 O-O 6.c4 dxc4 7.Qc2 a6 8.a4 Bd7
9.Bg5 Bc6 10.Qxc4 a5 11.Nc3 Na6 12.Bxf6 Bxf6 13.e4 Nb4 14.Rac1 Qd7 15.b3 Rfd8
16.Rfd1 Ra6 17.h4 Rb6 18.Bf1 Qe8 19.Qc5 Na6 20.Qxa5 Rxb3 21.Bxa6 Ra8 22.Qxc7 Rxa6
23.d5 Bxc3 24.dxc6 Ba5 25.Qd7  1-0

[Event "Miskolc"]
[Site "Miskolc"]
[Date "1990.??.??"]
[Round "9"]
[White "Ermenkov, Evgenij"]
[Black "Lukacs, Peter"]
[Result "1/2-1/2"]
[WhiteElo "2465"]
[BlackElo "2460"]

1.Nf3 d5 2.g3 Nf6 3.Bg2 c6 4.O-O Bg4 5.b3 Nbd7 6.Bb2 e6 7.d3 Be7 8.Nbd2 O-O
9.h3 Bh5 10.e4 a5 11.Qe2 a4 12.g4 Bg6 13.Nh4 dxe4 14.dxe4 Bxe4 15.Nxe4 Nxe4
16.Bxe4 Bxh4 17.Rad1 h6 18.c4 axb3 19.axb3 Qe7 20.Bb1 Rfd8 21.Bd4 Bf6 22.Be3 e5
23.f3 Bg5 24.Bf2 Bf4 25.Kg2 Nf8 26.h4 Rxd1 27.Rxd1 g6 28.Qc2 Kg7 29.Qe2 Ne6
30.Qe4 Rd8 31.Rxd8 Qxd8 32.b4 Qd2 33.b5 c5 34.Qc2 b6 35.Qxd2 Bxd2 36.Kf1 Kf8
37.Ke2 Bf4 38.Be4 Ke7 39.Kf1 Ng7 40.Ke2 f5 41.Bc6 h5 42.g5 Ne6 43.Bd5 Nd4+
44.Kf1 Nb3 45.Ke2 Nc1+ 46.Kf1 Bd2 47.Bg3 Bc3 48.Bf2 Nd3 49.Be3 Nb4 50.Bg8 Nc2
51.Bf2 Bd4 52.Bg3 Nb4 53.Ke2 Na2 54.Be1 Nb4 55.Kd2 Bg1 56.Bg3 f4 57.Be1 Bh2
58.Ke2 Bg3 59.Bc3 Kd6 60.Bf7 Bxh4 61.Bxg6 Bxg5 62.Bxh5 Nc2  1/2-1/2

[Event "Moscow2"]
[Site "Moscow"]
[Date "1990.??.??"]
[Round "?"]
[White "Baumhus, Reinhard"]
[Black "Khenkin, Igor"]
[Result "0-1"]
[WhiteElo "2325"]
[BlackElo "2450"]

1.g3 d5 2.Nf3 g6 3.Bg2 Bg7 4.O-O e5 5.d3 Ne7 6.Nbd2 O-O 7.e4 Nbc6 8.Re1 h6
9.exd5 Nxd5 10.Nc4 Re8 11.Bd2 a5 12.a4 Kh7 13.h3 f5 14.c3 e4 15.dxe4 fxe4
16.Nh2 Nf6 17.Bf4 Be6 18.Qxd8 Raxd8 19.Na3 Nd5 20.Rxe4 Nxf4 21.gxf4 Bb3 22.Nb5 Rxe4
23.Bxe4 Rd2 24.Nxc7 Rxb2 25.Nb5 Bxa4 26.Rxa4 Rxb5 27.Rc4 Rb3 28.f5 gxf5 29.Bxf5+ Kh8
30.Ng4 h5 31.Ne3 Rxc3 32.Re4 Be5 33.f3 Nd4 34.Kg2 Rc5 35.f4 Bf6 36.Nd5 Rxd5  0-1

[Event "Moscow2"]
[Site "Moscow"]
[Date "1990.??.??"]
[Round "?"]
[White "Yuferov, Sergey  N"]
[Black "Simon, Ralf Axel"]
[Result "1-0"]
[WhiteElo "2435"]
[BlackElo "2340"]

1.Nf3 d5 2.g3 Nf6 3.Bg2 Nbd7 4.O-O e5 5.d3 c6 6.Nc3 Bb4 7.Bd2 O-O 8.e3 Re8
9.a3 Ba5 10.b4 Bc7 11.Rb1 Nb6 12.Ne2 h6 13.Bc3 Bf5 14.Nh4 Bh7 15.Bh3 Kh8
16.f4 e4 17.Bd4 exd3 18.cxd3 Nc8 19.Nf3 Nd6 20.Ne5 Ng8 21.Bc5 f6 22.Bxd6 fxe5
23.Bxc7 Qxc7 24.f5 a5 25.Qd2 axb4 26.axb4 Ra4 27.b5 Rea8 28.bxc6 bxc6 29.Rfc1 Ra2
30.Rb2 Rxb2 31.Qxb2 Ne7 32.Rf1 Qd6 33.g4 c5 34.Bg2 Rb8 35.Qa3 d4 36.exd4 exd4
37.Nf4 Qe5 38.Kh1 Bg8 39.Qa7  1-0

[Event "Moscow (Women)"]
[Site "Moscow"]
[Date "1990.??.??"]
[Round "?"]
[White "Semenova, Lidia K"]
[Black "Skegina, Klaara"]
[Result "1-0"]
[WhiteElo "2295"]
[BlackElo "2195"]

1.Nf3 d5 2.g3 c5 3.Bg2 Nc6 4.d3 Nf6 5.Nbd2 Bf5 6.Nh4 Bg6 7.O-O e6 8.f4 Bh5
9.h3 d4 10.Nc4 Be7 11.Nf3 Bxf3 12.Bxf3 O-O 13.e4 dxe3 14.Bxe3 Nd5 15.Bf2 Rc8
16.a4 b6 17.c3 Bf6 18.Qe2 Qc7 19.Rae1 g6 20.Ne5 Nxe5 21.fxe5 Bg7 22.Qe4 Rfd8
23.g4 c4 24.d4 a6 25.Bh4 Re8 26.Bd1 b5 27.axb5 axb5 28.Bc2 Ra8 29.Ra1 Rxa1
30.Rxa1 Qb7 31.Qe1 Ra8 32.Be4 h6 33.Qb1 Rxa1 34.Qxa1 Bf8 35.Qa5 Qc6 36.Qa7 b4
37.cxb4 Bxb4 38.Qb8+ Bf8 39.Be7  1-0

[Event "Moscow op"]
[Site "Moscow"]
[Date "1990.??.??"]
[Round "?"]
[White "Bagirov, Vladimir"]
[Black "Anikaev, Yuri N"]
[Result "1/2-1/2"]
[WhiteElo "2475"]
[BlackElo "2445"]

1.Nf3 d5 2.g3 c6 3.Bg2 Nf6 4.O-O Bf5 5.d3 e6 6.c4 Be7 7.Be3 O-O 8.Qb3 Qc8
9.Nc3 Nbd7 10.Rac1 Re8 11.Nh4 dxc4 12.Qxc4 Ng4 13.Nxf5 exf5 14.Bd2 Nb6 15.Qb3 Qd8
16.h3 Nf6 17.Na4 Nxa4 18.Qxa4 Bf8 19.Rfe1 Qd7 20.Qa5 g6 21.Bc3 Bg7 22.e4 Qxd3
23.Red1 Qe2 24.exf5 Ne4 25.Bxe4 Qxe4 26.fxg6 hxg6 27.Bxg7 Kxg7 28.Qc3+ Kg8
29.Rd4 Qe5 30.Rcd1 Re7  1/2-1/2

[Event "GMA-qual f"]
[Site "Moscow"]
[Date "1990.??.??"]
[Round "11"]
[White "Hjartarson, Johann"]
[Black "Vladimirov, Evgeny"]
[Result "0-1"]
[WhiteElo "2505"]
[BlackElo "2565"]

1.Nf3 d5 2.g3 c6 3.Bg2 Bg4 4.b3 Nd7 5.Bb2 Ngf6 6.c4 e6 7.O-O Bxf3 8.Bxf3 Bd6
9.d4 O-O 10.Nc3 Re8 11.Qc2 Bf8 12.Rad1 g6 13.Rfe1 Bg7 14.Bg2 Rc8 15.e3 b5
16.c5 e5 17.dxe5 Nxe5 18.e4 Qe7 19.exd5 Qxc5 20.Qd2 Rcd8 21.Nxb5 Nxd5 22.Nc7 Re7
23.Nxd5 cxd5 24.h3 d4 25.Kh2 g5 26.Rc1 Qb5 27.Ba3 Re6 28.Rc5 Qe8 29.Rd1 h6
30.Rc7 d3 31.Rxa7 Nc6 32.Rc7 Re2 33.Qc1 Rc2 34.Qe3 Qxe3 35.fxe3 Rxa2 36.Bc5 Ne5
37.Kg1 Rc2 38.Bb6 Rb8 39.Rb7 Rbc8 40.Bd4 Rc1  0-1

[Event "Munich"]
[Site "Munich"]
[Date "1990.??.??"]
[Round "?"]
[White "Hickl, Joerg"]
[Black "Bischoff, Klaus"]
[Result "0-1"]
[WhiteElo "2500"]
[BlackElo "2505"]

1.g3 d5 2.Nf3 Nf6 3.Bg2 e6 4.O-O Be7 5.c4 O-O 6.b3 b6 7.Bb2 Bb7 8.d3 c5 9.e3 Nbd7
10.Nc3 Qc7 11.Qe2 Rad8 12.Rfd1 Qb8 13.Rac1 Qa8 14.Ne1 Rfe8 15.e4 Qb8 16.f4 d4
17.Nb1 e5 18.f5 g6 19.g4 gxf5 20.gxf5 Bf8 21.Rc2 Bh6 22.Bc1 Bxc1 23.Rdxc1 Kf8
24.Bf3 Ke7 25.Qd1 Rg8+ 26.Rg2 Rxg2+ 27.Nxg2 Rg8 28.Qe1 Qf8 29.Qh4 Qg7 30.Nd2 h6
31.Nf1 Qg5 32.Qxg5 hxg5 33.h3 Rh8 34.Kh2 g4 35.Be2 Rxh3+ 36.Kg1 Nf8 37.Nh2 N8h7
38.Rd1 g3 39.Ng4 Nxg4 40.Bxg4 Rh2 41.Rf1 Ng5 42.a4 Kf6 43.a5 bxa5 44.Ra1 Nxe4  0-1

[Event "Munich"]
[Site "Munich"]
[Date "1990.??.??"]
[Round "?"]
[White "Hickl, Joerg"]
[Black "Brunner, Lucas"]
[Result "1/2-1/2"]
[WhiteElo "2500"]
[BlackElo "2525"]

1.g3 d5 2.Nf3 Nf6 3.Bg2 Bf5 4.d3 e6 5.b3 h6 6.Bb2 Be7 7.Nbd2 O-O 8.O-O Bh7
9.c4 c6 10.Qc2 Nbd7 11.a3 a5 12.Ne5 Nxe5 13.Bxe5 Bd6 14.Bc3 Qe7 15.Qb2 e5
16.Nf3 d4 17.Bd2 c5 18.b4 b6 19.bxa5 bxa5 20.Rfb1 e4 21.Ne1 a4 22.Qc2 Rfe8
23.Rb6 Bf5 24.Rab1  1/2-1/2

[Event "New York op"]
[Site "New York"]
[Date "1990.??.??"]
[Round "7"]
[White "D'Amore, Carlo"]
[Black "Valvo, Michael J"]
[Result "1-0"]
[WhiteElo "2410"]
[BlackElo "2385"]

1.Nf3 d5 2.g3 c5 3.Bg2 Nc6 4.O-O e6 5.d3 Bd6 6.Nbd2 Nge7 7.e4 O-O 8.Re1 Bc7
9.exd5 Nxd5 10.Ne4 b6 11.d4 cxd4 12.Nxd4 Bb7 13.Bg5 Nde7 14.Nf6+  1-0

[Event "NLD-ch"]
[Site "?"]
[Date "1990.??.??"]
[Round "7"]
[White "Ree, Hans"]
[Black "Van der Wiel, John TH"]
[Result "0-1"]
[WhiteElo "2455"]
[BlackElo "2550"]

1.Nf3 d5 2.g3 c6 3.Bg2 Bg4 4.O-O Nd7 5.d4 e6 6.b3 Bd6 7.c4 Bxf3 8.Bxf3 f5
9.Bb2 Ne7 10.Nd2 O-O 11.e3 Nf6 12.Bg2 g5 13.Nf3 g4 14.Ne5 h5 15.f4 Kg7 16.Bc3 Rh8
17.Be1 Ng6 18.Nxg6 Kxg6 19.Qc2 Be7 20.Bf2 h4 21.Rfd1 Qd7 22.gxh4 Kf7 23.Bg3 Rh6
24.Kf2 Rah8 25.Rh1 Ne8 26.Rag1 Bxh4 27.Ke1 Nf6 28.Qf2 Qd8 29.h3 Qa5+ 30.Kf1 Bxg3
31.Qxg3 Qxa2  0-1

[Event "NLD-ch"]
[Site "?"]
[Date "1990.??.??"]
[Round "9"]
[White "Pliester, Leon"]
[Black "Kuijf, Marinus"]
[Result "0-1"]
[WhiteElo "2390"]
[BlackElo "2490"]

1.Nf3 d5 2.g3 Bg4 3.Bg2 Nd7 4.d3 e6 5.O-O Bd6 6.h3 Bh5 7.b3 Ne7 8.Bb2 O-O
9.e4 dxe4 10.dxe4 Bxf3 11.Bxf3 Be5 12.c3 Nc6 13.Qe2 Bd6 14.Nd2 Nb6 15.Rad1 Qe7
16.e5 Nxe5 17.Bxb7 Rab8 18.Be4 f5 19.Bb1 c5 20.c4 Nc6 21.Ne4 Bc7 22.Ng5 Rbe8
23.f4 e5 24.Rfe1 h6 25.Qh5 Rd8 26.Rxd8 Nxd8 27.Nf3 e4 28.Nh4 Qe6 29.Qg6 Rf7
30.Rd1 Qxg6 31.Nxg6 Ne6 32.Kf2 Kh7 33.Ne5 Rf8 34.Ke3 g5 35.fxg5 hxg5 36.g4 Nd4
37.Bxd4 cxd4+ 38.Rxd4 Bxe5 39.Rd1 Bf4+ 40.Ke2 Kg6 41.c5 Nc8 42.Rd5 Rh8 43.gxf5+ Kf6
44.Bxe4 Rxh3 45.Bd3 Ne7 46.Rd8 Nc6  0-1

[Event "Novi Sad ol (Men)"]
[Site "Novi Sad"]
[Date "1990.??.??"]
[Round "6"]
[White "Landenbergue, Claude"]
[Black "Lalic, Bogdan"]
[Result "1/2-1/2"]
[WhiteElo "2380"]
[BlackElo "2490"]

1.Nf3 d5 2.g3 c6 3.Bg2 Bg4 4.c4 e6 5.O-O Nd7 6.cxd5 exd5 7.d3 Bd6 8.Nc3 Ne7
9.e4 dxe4 10.dxe4 Ne5 11.Qe2 O-O 12.Qe3 Nxf3+ 13.Bxf3 Bc5  1/2-1/2

[Event "Novi Sad ol (Men)"]
[Site "Novi Sad"]
[Date "1990.??.??"]
[Round "7"]
[White "Nogueiras, Jesus"]
[Black "Torre, Eugenio"]
[Result "1/2-1/2"]
[WhiteElo "2550"]
[BlackElo "2530"]

1.Nf3 d5 2.g3 c6 3.Bg2 Bg4 4.c4 dxc4 5.Na3 Qd5 6.Qc2 Be6 7.e4 Qd3 8.Qxd3 cxd3
9.Ne5 Na6 10.Nxd3 Rd8 11.Ke2 g6 12.b3 Bg7 13.Rb1 f5  1/2-1/2

[Event "Novi Sad ol (Men)"]
[Site "Novi Sad"]
[Date "1990.??.??"]
[Round "8"]
[White "Espig, Lutz"]
[Black "Brenninkmeijer, Joris"]
[Result "1/2-1/2"]
[WhiteElo "2505"]
[BlackElo "2510"]

1.Nf3 d5 2.g3 c6 3.Bg2 Bg4 4.b3 Nd7 5.Bb2 Ngf6 6.O-O e6 7.d3 Bd6 8.Nbd2 O-O
9.Qe1 e5 10.e4 Re8 11.h3 Bh5 12.Nh4 Qc7 13.Kh1 Bg6 14.Nxg6 hxg6 15.Qe2 a5
16.a3 Nc5 17.Rae1 b5 18.exd5 cxd5 19.Qd1 Rac8 20.d4 Ncd7 21.dxe5 Bxe5 22.Bxe5 Nxe5
23.Nf3 Nxf3 24.Rxe8+ Rxe8 25.Bxf3 Qc5 26.b4 axb4 27.axb4 Qc4 28.Qd3 Rc8 29.Kg2 Qxc2
30.Qxb5 d4 31.Rd1 Ne4 32.Qe2 Qxe2 33.Bxe2 Nc3 34.Rd2 Rb8 35.Bc4 Rxb4 36.Rxd4 Kf8  1/2-1/2

[Event "Novi Sad ol (Men)"]
[Site "Novi Sad"]
[Date "1990.??.??"]
[Round "10"]
[White "McNab, Colin Anderson"]
[Black "Sisniega, Marcel"]
[Result "1/2-1/2"]
[WhiteElo "2385"]
[BlackElo "2495"]

1.Nf3 d5 2.g3 c6 3.Bg2 Bg4 4.d3 Nd7 5.h3 Bh5 6.O-O e6 7.b3 Ngf6 8.Bb2 Bc5
9.Nbd2 O-O 10.e4 a5 11.a4 Ne8 12.Qe1 Nc7 13.e5 b5 14.Nd4 Ra6 15.Kh1 bxa4
16.bxa4 Bg6 17.Qe2 Re8 18.N2b3 Bf8 19.f4 h6 20.Nf3 c5 21.Rfd1 Nb6 22.Qf2 Qe7
23.Bf1 Rb8 24.Bc3 d4 25.Bd2 Ncd5 26.Nxa5 Rba8 27.Nc4 Nxc4 28.dxc4 Nb6 29.Bd3 Nxa4
30.Bxg6 Nb2 31.Rxa6 Nxd1 32.Rxa8 Nxf2+ 33.Kg2 fxg6 34.Kxf2 Qb7 35.Ra4 Qe4
36.Ne1 Qh1 37.h4 h5 38.Ra6 Kf7 39.Ra7+ Ke8 40.Ba5 Be7 41.Ra6 Kf7 42.Ra7 Ke8
43.Ra6 Kf7 44.Ra7 Ke8  1/2-1/2

[Event "Novi Sad ol (Men)"]
[Site "Novi Sad"]
[Date "1990.??.??"]
[Round "10"]
[White "Cilia Vincenti, V."]
[Black "Warlick, John W"]
[Result "1-0"]
[WhiteElo "2205"]
[BlackElo "2205"]

1.Nf3 d5 2.g3 e6 3.Bg2 f5 4.d3 Nc6 5.O-O Nf6 6.Nbd2 Bd6 7.Re1 O-O 8.e4 Ng4
9.exd5 exd5 10.c4 d4 11.Nb3 Qf6 12.Bg5 Qg6 13.c5 Be5 14.Nxe5 Ngxe5 15.Bf4 Qf6
16.Nxd4 Nxd3 17.Qxd3 Qxd4 18.Qxd4 Nxd4 19.Bd5+ Kh8 20.Rad1 Nc2 21.Re7 c6
22.Bb3 Nb4 23.Be5 Nd5 24.Bxg7+ Kg8 25.Bxd5+ cxd5 26.Bxf8 Kxf8 27.Rxh7 Be6
28.Rxb7 a5 29.c6 Re8 30.Re1 d4 31.c7 Bc8 32.Rxe8+ Kxe8 33.Rb8 Kd7 34.Rxc8 Kxc8
35.Kf1 Kxc7 36.Ke2 Kd6 37.Kd3 Kd5 38.h4  1-0

[Event "Novi Sad ol (Men)"]
[Site "Novi Sad"]
[Date "1990.??.??"]
[Round "13"]
[White "Bauza, Alejandro"]
[Black "Hurelbaatar, Chultemjamc"]
[Result "0-1"]
[WhiteElo "2285"]
[BlackElo "2310"]

1.Nf3 d5 2.g3 c6 3.Bg2 Bg4 4.b3 e6 5.Bb2 Nf6 6.O-O Be7 7.d3 O-O 8.Nbd2 c5
9.c4 Nc6 10.cxd5 exd5 11.d4 Re8 12.a3 a5 13.dxc5 Bxc5 14.Qc2 Bb6 15.e3 Bh5
16.b4 a4 17.b5 Na5 18.Qxa4 Nc4 19.Qc2 Bg6 20.Qc1 Bd3 21.Rd1 Nxe3 22.fxe3 Bxe3+
23.Kh1 Rc8 24.Qxc8 Qxc8 25.Bf1 Bxf1 26.Nxf1 Qg4 27.Nxe3 Rxe3 28.Nd4 b6  0-1